Подробности
| 000 -МАРКЕР |
| контрольное поле |
02479nam0a2200313 4500 |
| 001 - ИДЕНТИФИКАТОР ЗАПИСИ |
| контрольное поле |
RU\NLR\bibl\1099231 |
| 005 - ИДЕНТИФИКАТОР ВЕРСИИ |
| контрольное поле |
20260407073706.0 |
| 010 ## - МЕЖДУНАРОДНЫЙ СТАНДАРТНЫЙ НОМЕР КНИГИ (ISBN) |
| Номер (ISBN) |
5-93-647-008-3 |
| Тираж |
1026 |
| 021 ## - НОМЕР ГОСУДАРСТВЕННОЙ РЕГИСТРАЦИИ |
| Код страны |
российская федерация |
| Номер |
2007-31490 |
| Номер Листа государственной регистраци |
1671 |
| 035 ## - ДРУГИЕ СИСТЕМНЫЕ НОМЕРА |
| Идентификатор записи |
(NLR Aleph) 001086334 |
| 100 ## - ДАННЫЕ ОБЩЕЙ ОБРАБОТКИ |
| Данные общей обработки |
20070618d2007 |||y0rusy50 ca |
| 101 0# - ЯЗЫК РЕСУРСА |
| Язык текста, звукозаписи и т.д. |
русский |
| 102 ## - СТРАНА ПУБЛИКАЦИИ ИЛИ ПРОИЗВОДСТВА |
| Страна публикации |
российская федерация |
| 105 ## - ПОЛЕ КОДИРОВАННЫХ ДАННЫХ: ТЕКСТОВЫЕ МАТЕРИАЛЫ, МОНОГРАФИЧЕСКИЕ |
| Кодированные данные о монографическом текстовом документе |
y ||||||||| |
| 200 1# - ЗАГЛАВИЕ И СВЕДЕНИЯ ОБ ОТВЕТСТВЕННОСТИ |
| Основное заглавие |
О железнодорожном транспорте в Российской Федерации |
| Сведения, относящиеся к заглавию |
(с дополнениями и изменениями согласно Федерального закона N 115-ФЗ от 07.07.2003 г.) |
| -- |
[принят Государственной Думой 24 декабря 2002 года |
| -- |
одобрен Советом Федерации 27 декабря 2002 года] |
| Основное заглавие |
Устав железнодорожного транспорта Российской Федерации |
| Сведения, относящиеся к заглавию |
(с дополнениями и изменениями согласно Федерального закона N 122-ФЗ от 07.07.2003 г.) |
| -- |
[принят Государственной Думой 24 декабря 2002 года |
| -- |
одобрен Советом Федерации 27 декабря 2002 года] |
| Основное заглавие |
Об особенностях управления и распоряжения имуществом железнодорожного транспорта |
| Сведения, относящиеся к заглавию |
[принят Государственной Думой 7 февраля 2003 года |
| -- |
одобрен Советом Федерации 12 февраля 2003 года] |
| Основное заглавие |
О внесении изменения и дополнений в ФЗ "О естественных монополиях" |
| Сведения, относящиеся к заглавию |
[принят Государственной Думой 24 декабря 2002 года |
| -- |
одобрен Советом Федерации 27 декабря 2002 года] |
| 205 ## - СВЕДЕНИЯ ОБ ИЗДАНИИ |
| Сведения об издании |
[Офиц. изд.] |
| 210 ## - ПУБЛИКАЦИЯ, РАСПРОСТРАНЕНИЕ И ДР. |
| Место издания, распространения и т.д. |
Москва |
| Имя издателя, распространителя и т. д. |
Трансинфо |
| Дата издания, распространения и т.д. |
2007 |
| 215 ## - ФИЗИЧЕСКАЯ ХАРАКТЕРИСТИКА |
| Специфическое обозначение материала и объем |
187 с. |
| Размеры |
17 |
| 225 1# - СЕРИЯ |
| Основное заглавие серии |
Федеральные законы |
| 606 1# - НАИМЕНОВАНИЕ ТЕМЫ КАК ПРЕДМЕТ |
| Наименование темы |
Железнодорожный транспорт |
| Тематический подзаголовок |
Правовое регулирование |
| Географический подзаголовок |
Российская Федерация |
| Системный номер авторитетной/нормативной записи |
2139389 |
| Идентификатор авторитетной/нормативной записи |
RU\NLR\auth\661289647 |
| 686 ## - ИНДЕКСЫ ДРУГИХ КЛАССИФИКАЦИЙ |
| Индекс |
Х621.145.2-39(2Р) |
| 740 #1 - УСЛОВНОЕ НАИМЕНОВАНИЕ / ЗАГЛАВИЕ ДЛЯ ЗАКОНОДАТЕЛЬНЫХ И РЕЛИГИОЗНЫХ ТЕКСТОВ - ПЕРВИЧНАЯ ОТВЕТСТВЕННОСТЬ |
| Начальный элемент ввода |
Российская Федерация |
| Обозначение вида документа |
Законы |
| Идентификатор авторитетной/нормативной записи |
RU\NLR\AUTH\883331 |
| -- |
277893 |
| 801 #0 - ИСТОЧНИК ЗАПИСИ |
| Страна |
российская федерация |
| Организация |
NLR |
| Дата составления |
20070618 |
| Правила каталогизации |
RCR |
| 801 #1 - ИСТОЧНИК ЗАПИСИ |
| Страна |
российская федерация |
| Организация |
NLR |
| Дата составления |
20070618 |
| 942 ## - ДОПОЛНИТЕЛЬНЫЕ ЭЛЕМЕНТЫ ЗАПИСИ (АБИС) |
| Тип экземпляра АБИС |
Книга |
| 980 ## - КОЛЛЕКЦИЯ |
| Название коллекции |
Национальная библиография |